Statistiques concernant L'adresse de 47Ter

Cliquez ici pour prendre le quiz!

Statistiques générales

  • Ce quiz a été pris 23 fois
  • Le résultat moyen est 425 sur 484

Statistiques - réponses

Réponse% Correct
a
100%
à
100%
de
100%
des
100%
La
100%
la
100%
Le
100%
le
100%
nous
100%
on
100%
On
100%
se
100%
tous
100%
tout
100%
Un
100%
un
100%
47Ter
93%
adresse
93%
allait
93%
année
93%
années
93%
au
93%
avait
93%
baise
93%
base
93%
bat
93%
bât
93%
bien
93%
Ca
93%
ça
93%
ce
93%
collège
93%
comprenait
93%
dans
93%
défendre
93%
demandait
93%
devient
93%
du
93%
en
93%
est
93%
Et
93%
et
93%
faire
93%
fait
93%
je
93%
Je
93%
l'adresse
93%
laquelle
93%
l'avenir
93%
légende
93%
l'on
93%
lycée
93%
me
93%
même
93%
nos
93%
par
93%
pas
93%
passé
93%
peur
93%
plus
93%
première
93%
que
93%
Qui
93%
qui
93%
qu'on
93%
qu'un
93%
Rendez-vous
93%
reste
93%
sa
93%
sur
93%
taisait
93%
tard
93%
te
93%
tête
93%
Toi
93%
toit
93%
ton
93%
trop
93%
une
93%
vie
93%
vies
93%
vit
93%
vite
93%
adorable
87%
Après
87%
bâtiment
87%
bercera
87%
blase
87%
calait
87%
c'est
87%
C'est
87%
Cette
87%
concert
87%
concerts
87%
continue
87%
côtoyé
87%
histoire
87%
ira
87%
j'entends
87%
J'entends
87%
les
87%
nom
87%
passant
87%
public
87%
raconté
87%
résonne
87%
rue
87%
rues
87%
s'annonce
87%
secteur
87%
s'est
87%
team
87%
ville
87%
Comme
80%
comme
80%
crois
80%
depuis
80%
encore
80%
hystériques
80%
Inséparable
80%
J'veux
80%
l'avenue
80%
longtemps
80%
lorsque
80%
ma
80%
mémoire
80%
mémorable
80%
mérites
80%
parler
80%
prépare
80%
race
80%
s'met
80%
toujours
80%
Tu
80%
tu
80%
demain
73%
fera
73%
paragraphe
73%
paré
73%
QG
73%
quand
73%
rap
73%
restera
73%
rêve
73%
rien
73%
sait
73%
Sans
73%
sans
73%
souviens-toi
73%
toute
73%
veille
73%
y
73%
barré
67%
carré
67%
Chacun
67%
C'qui
67%
Direct
67%
ensemble
67%
Moi
67%
ne
67%
place
67%
point
67%
sais
67%
son
67%
test
67%
voulu
67%
avec
60%
banc
60%
Demande
60%
part
60%
passion
60%
pour
60%
prévu
60%
prit
60%
RDV
60%
retourner
60%
séparer
60%
tournée
60%
voyager
60%
voyait
60%
aura
53%
balader
53%
Cuire
53%
finir
53%
j'vais
53%
qu'avec
53%
suite
53%
vaincra
53%
voyelles
53%
23
47%
Est-ce
47%
l'aura
47%
parce
47%
perle
47%
Quitte
47%
rare
47%
retrouves
47%
j'pense
40%
percera
40%
voulais
40%
Réponds-moi
33%
staks
0%

Distribution des résultats

Percentile par nombre de réponses

% des personnes avec chaque résultat

Votre développement - résultats

Vous n’avez pas pris ce quiz